000 00263nam a2200121 a 4500
008 101208s1975|||| d
100 1 _aŠmok, J.
245 1 0 _aDiapozitivy v praxi
260 _bCVSSA
_aPraha
_c1975
020 _c23
041 _aces
044 _aCZ
999 _c13927
_d13927